Online Catalogue and eLibrary

Poverty and equality in Britain : (Record no. 2901)

MARC details
000 -LEADER
fixed length control field 00424nam a2200157Ia 4500
005 - DATE AND TIME OF LATEST TRANSACTION
control field 20240607031425.0
008 - FIXED-LENGTH DATA ELEMENTS--GENERAL INFORMATION
fixed length control field 240331s9999 xx 000 0 und d
082 ## - DDC Classification
Item Number - Author Mark KIN
Class No. 362
100 ## - MAIN ENTRY--PERSONAL NAME
Personal name Kincaid, J.C
245 #0 - TITLE STATEMENT
Title Poverty and equality in Britain :
Remainder of title a study of social security and taxation
260 ## - PUBLICATION, DISTRIBUTION, ETC.
Place of publication, distribution, etc. Middlesex
Name of publisher, distributor, etc. Penguin Books Ltd.
Date of publication, distribution, etc. 1973
300 ## - PHYSICAL DESCRIPTION
Extent (e.g. Volumes, Pages etc.) 245 p.,
650 ## - SUBJECT ADDED ENTRY--TOPICAL TERM
Topical term or geographic name entry element Poverty
650 ## - SUBJECT ADDED ENTRY--TOPICAL TERM
Topical term or geographic name entry element Equality
942 ## - Koha item type (Biblio)
Koha item type Books in Stacks (Lending)
Holdings
Lost status Damaged status Collection code Home library Current library Shelving location Date acquired Full call number Accession Number Item type
    Lending WERC Library WERC Library Social Science Cupboard 03/31/2024 362 KIN 351 Books in Stacks (Lending)

© WERC Library